000 00844nam a2200241Ia 4500
003 GCL
008 140319s9999 xx 000 0 ara d
040 _aGCL /
_cGCL
082 0 4 _a813.99569
_bس ل
100 1 _aحلمى مراد
245 1 0 _aلم نعد جوارى لكم: رواية طويلة من ادب فلسطين المحتلة (هدية من الاديب عبدالفتاح الجمل) /
_cحلمى مراد
700 1 _aسحر خليفة
300 _a264 ص
490 _aاقرأ
_v0
650 0 4 _aالادب العربى
650 0 4 _aالقصص العربية
650 0 4 _aفلسطين
650 0 4 _aالقصص
650 0 4 _aالاستعمار فى البلاد العربية
650 0 4 _aالاحتلال البريطانى
650 0 4 _aفلسطين - تاريخ - العصر الحديث
942 _2ddc
_cBK
999 _c38234
_d38234